| 000 | 00764nam a22002297a 4500 | ||
|---|---|---|---|
| 003 | OSt | ||
| 005 | 20241008103006.0 | ||
| 008 | 240927b |||abo|| |||| 00| 0 eng d | ||
| 020 | _a9786289542608 | ||
| 037 | _bDonación | ||
| 040 |
_aCO-JMCR _bspa _cCO-JMCR _dCO-JMCR _erda |
||
| 041 | 0 | _aspa | |
| 082 | 0 | 4 |
_223 _a323.044 _bD31d |
| 110 |
_937191 _aDefensoría del Pueblo |
||
| 245 | 1 | 0 |
_aDefensoría del pueblo : _bNos unen tus derechos / |
| 260 |
_aBogotá D.C. : _bDiseño Editorial Libros y Revistas, _c2022 |
||
| 300 |
_a352 páginas: _bilustraciones, fotografías, mapas; _c24.5 x 28.5 cm. |
||
| 504 | _aIncluye referencias bibliográficas | ||
| 650 | 1 | 4 |
_aDerechos humanos _zColombia _930252 |
| 650 | 2 | 4 |
_a Derechos civiles _zColombia _937464 |
| 942 |
_2ddc _cBK |
||
| 999 |
_c30837 _d17221 |
||